The Rookie: S1 Characters - Statistics

General Stats
  • This quiz has been taken 734 times
  • The average score is 12 of 16
Answer Stats
Picture Answer % Correct
John Nolan
92%
Lucy Chen
92%
Tim Bradford
91%
Angela Lopez
90%
Jackson West
90%
Sergeant Wade Grey
90%
Quigley Smitty
86%
Talia Bishop
83%
Wesley Evers
83%
Henry Nolan
81%
Isabel Bradford
74%
Officer Percy West
74%
Captain Zoe Andersen
58%
Jessica Russo
56%
Grace Sawyer
34%
Detective Kevin Wolfe
27%
No matching quizzes found
Score Distribution
Percent of People with Each Score
Percentile by Number Answered
Your Score History
You have not taken this quiz